|
|
|
|
| LEADER |
01455nam a2200289 a 4500 |
| 001 |
232081 |
| 008 |
110728s2010 bg a b 000 0 beno |
| 020 |
|
|
|a 9789848901458 (v. 1)
|
| 020 |
|
|
|a 9789848901458 (v. 2)
|
| 020 |
|
|
|a 9789848901441 (v. 3)
|
| 040 |
|
|
|a BD-DhAAL
|c BD-DhAAL
|
| 082 |
0 |
0 |
|a 323.11914126
|2 22
|
| 245 |
0 |
0 |
|a বাংলাদেশের আদিবাসী :
|b এথনোগ্রাফিয় গবেষণা.
|n দ্বিতীয় খণ্ড /
|c গবেষণা ও সম্পাদনা, মঙ্গল কুমার চাকমা... [et al.].
|
| 260 |
|
|
|a ঢাকা :
|b উৎস প্রকাশনা,
|c ২০১০.
|
| 300 |
|
|
|a ৩ খণ্ড. :
|b চিত্র. ;
|c ২৪ সে.মি.
|
| 500 |
|
|
|a Vol. 3 copyright: Bangladeshesher Adivashi Forum ; edited by Mesbah Kamal
|
| 500 |
|
|
|a "Supported by Oxfam"--T.p. verso, v. 1.
|
| 504 |
|
|
|a Includes bibliographical references.
|
| 546 |
|
|
|a In Bengali.
|
| 541 |
|
|
|e 00023281
|
| 650 |
|
0 |
|a Ethnic groups
|z Bangladesh.
|
| 650 |
|
0 |
|a Adivasis
|z Bangladesh.
|
| 700 |
1 |
|
|a চাকমা, মঙ্গল কুমার
|
| 710 |
2 |
|
|a বাংলাদেশের আদিবাসী ফোরাম
|
| 852 |
|
|
|a Ayesha Abed Library
|c General Shelf.
|
| 999 |
|
|
|c 11148
|d 11148
|
| 952 |
|
|
|0 0
|1 0
|2 ddc
|4 0
|6 323_119141260000000_BAN
|7 0
|9 17658
|a BRACUL
|b BRACUL
|c GEN
|d 2011-07-28
|l 3
|o 323.11914126 BAN
|p 3010023281
|r 2025-12-14
|s 2025-10-30
|t 1
|w 2011-07-28
|y BK
|